000 00281nam a22001217a 4500
008 160503b xxu||||| |||| 00| 0 eng d
020 _a9781608314218
020 _a1608314219
041 _aeng
080 _a61
245 _aSurgical Recall:
_cLome H. Blackboume;
942 _2udc
_cBK
999 _c1752
_d1752